000 00378nam a22001457a 4500
999 _c17407
_d17407
008 190201b xxu||||| |||| 00| 0 eng d
020 _a9350358809
050 _aKD313
_b .M67 2016 c.1
100 _aMonir, M.
245 _aChief Justice M. Monir Dictionary of Law
_cM. Monir
250 _a2nd ed.
260 _aIndia
_bLexisNexis
_c2016
300 _a947p.
942 _2lcc
_cREF